| 000 | 00572nam a2200217 a 4500 | ||
|---|---|---|---|
| 001 | BRCA_4299 | ||
| 005 | 20190320204622.0 | ||
| 008 | 240610s1954----nyu#######---#000-0#eng-# | ||
| 041 | _aeng | ||
| 044 | _anyu | ||
| 050 | 4 |
_aE608 _b.K36 1954 |
|
| 100 | 1 |
_aKane, Harnett Thomas _911056 |
|
| 245 | 1 | 0 |
_aSpies for the Blue and Gray _cHarnett Thomas Kane. |
| 260 |
_aNueva York _bAce Books _c1954 |
||
| 300 |
_a221 p. _c18 cm. |
||
| 500 | _aCEF94 | ||
| 650 | 1 | 4 |
_aEspĂas _911057 |
| 651 | 4 |
_aEstados Unidos _xHistoria _yGuerra civil _910266 |
|
| 902 | _aGFM | ||
| 942 |
_2lcc _cB |
||
| 999 |
_c4010 _d4010 |
||